=LDR 00000nam 2200000 4500 =001 INLIS000000000024279 =005 20200925075627 =035 ##$$a 0010-061300000024279 =008 200925################g##########0#ind## =041 ##$$a Ind =082 ##$$a 306.4 =090 ##$$a 306.4, Sup m =245 ##$$a Ilmu, teknologi dan etika /$c Penyunting : Supardan =260 ##$$a Jakarta :$b Gunung Mulia,$c 1991 =300 ##$$a xi, 253 hlm. ; $c 14x21 cm. =650 #4$$a Sosiologi Pengetahuan =850 ##$$a NBPNMAT =020 ##$$a 979-415-524-1 =084 ##$$a 306.4 ILM i =700 #$$a Supardan =990 ##$$a 112983/Pro.97 =990 ##$$a 47.036 pro.92 =990 ##$$a 112.982 pro.97 =990 ##$$a 58.751 pro.93 =990 ##$$a 58.753 pro.93